Magic seeds : (Record no. 133865)

MARC details
000 -LEADER
fixed length control field 00587nam a22002177a 4500
005 - DATE AND TIME OF LATEST TRANSACTION
control field 20170124110216.0
010 ## - LIBRARY OF CONGRESS CONTROL NUMBER
LC control number B-083166
020 ## - INTERNATIONAL STANDARD BOOK NUMBER
Terms of availability 00.00
International Standard Book Number 0330485202
035 ## - SYSTEM CONTROL NUMBER
System control number B-083166
037 ## - SOURCE OF ACQUISITION
Source of stock number/acquisition Cen Lib/Ret
040 ## - CATALOGING SOURCE
Original cataloging agency DPL
Language of cataloging EN
082 ## - DEWEY DECIMAL CLASSIFICATION NUMBER
Classification number N
Item number NAI
100 ## - MAIN ENTRY--PERSONAL NAME
Personal name Naipaul, V.S.
9 (RLIN) 114561
245 ## - TITLE STATEMENT
Title Magic seeds :
Statement of responsibility, etc by V.S. Naipaul
Remainder of title a novel /
260 ## - PUBLICATION, DISTRIBUTION, ETC. (IMPRINT)
Place of publication, distribution, etc London
Name of publisher, distributor, etc Pan MacMillan
Date of publication, distribution, etc 2004
270 ## - ADDRESS
City London
Address 20 new warf road
300 ## - PHYSICAL DESCRIPTION
Extent 293p.
Dimensions 19cm(Hb)
650 ## - SUBJECT ADDED ENTRY--TOPICAL TERM
Topical term or geographic name as entry element Psychological fiction
9 (RLIN) 114562
650 ## - SUBJECT ADDED ENTRY--TOPICAL TERM
Topical term or geographic name as entry element Political fiction
9 (RLIN) 114563
942 ## - ADDED ENTRY ELEMENTS (KOHA)
Source of classification or shelving scheme Dewey Decimal Classification
Koha item type English Books
Classification part N
Call number suffix NAI
Holdings
Withdrawn status Lost status Damaged status Not for loan Home library Current library Date acquired Source of acquisition Cost, normal purchase price Total Checkouts Total Renewals Full call number Barcode Date last seen Date checked out Copy number Cost, replacement price Price effective from Koha item type
        Central Library Central Library 28/07/2015 Cen Lib/Ret 0.00 1 2 N NAI B-083166 14/09/2019 03/08/2019 1 0.00 28/07/2015 English Books

© Delhi Public Library
Hit Counter
free hit counter